Media Trial : Threat to administration of justice (Record no. 396372)

MARC details
000 -LEADER
fixed length control field 00552 a2200205 4500
005 - DATE & TIME
control field 20260216154418.0
008 - FIXED-LENGTH DATA ELEMENTS--GENERAL INFORMATION
fixed length control field 260216b |||||||| |||| 00| 0 eng d
020 ## - ISBN
International Standard Book Number 9788195135806
Price Rs. 1750.00
040 ## - CATALOGING SOURCE
Original cataloging agency VIVEKANANDA LIBRARY
082 ## - DDC NUMBER
Classification number 347.01
Book Number G959M
100 ## - MAIN ENTRY--PERSONAL NAME
Personal name Gupta, Shipra, ed.
245 ## - TITLE STATEMENT
Title Media Trial : Threat to administration of justice
260 ## - PUBLICATION, DISTRIBUTION, ETC. (IMPRINT)
Name of publisher, distributor, etc Radhika Books
Date of publication, distribution, etc 2025
Place of publication, distribution, etc New Delhi
300 ## - PHYSICAL DESCRIPTION
Pages xxiv, 328
650 ## - Subject
Subject Justice
650 ## - Subject
Subject Freedom of the Press
650 ## - Subject
Subject Press and Law
700 ## - Added Entry Personal Name
Added Entry Personal Name Krishan Kumar, ed.
942 ## - ADDED ENTRY ELEMENTS (KOHA)
Koha item type Books
Holdings
Withdrawn status Lost status Source of classification or shelving scheme Damaged status Not for loan Location (home branch) Sublocation or collection (holding branch) Shelving location Date acquired Koha issues (times borrowed) Koha full call number Accession No. Koha date last seen Koha item type
    Dewey Decimal Classification     VIVEKANANDA LIBRARY VIVEKANANDA LIBRARY Law Library 02/02/2026   347.01 G959M 377789 02/02/2026 Books
    Dewey Decimal Classification     VIVEKANANDA LIBRARY VIVEKANANDA LIBRARY Law Library 02/02/2026   347.01 G959M 377788 02/02/2026 Books
    Dewey Decimal Classification     VIVEKANANDA LIBRARY VIVEKANANDA LIBRARY Law Library 02/02/2026   347.01 G959M 377790 02/02/2026 Books
    Dewey Decimal Classification     VIVEKANANDA LIBRARY VIVEKANANDA LIBRARY Law Library 02/02/2026   347.01 G959M 377792 02/02/2026 Books
    Dewey Decimal Classification     VIVEKANANDA LIBRARY VIVEKANANDA LIBRARY Law Library 02/02/2026   347.01 G959M 377791 02/02/2026 Books
© Designed and Maintained by Vivekananda Library, MDU Rohtak